| 000 | 00463nam a22001577a 4500 | ||
|---|---|---|---|
| 999 |
_c8479 _d8479 |
||
| 008 | 201125b ||||| |||| 00| 0 eng d | ||
| 040 | _aBMS College of Architecture | ||
| 100 | _aV S, Shreeraj | ||
| 245 | _aHigh altitude training centre Munnar | ||
| 300 | _a56p. | ||
| 500 | _a1BM14AT095 | ||
| 502 |
_8B,Arch _NBMS College of Architecture, Visvesvaraya Technological University (VTU) _aProject report _d2018 |
||
| 650 | _aNA | ||
| 700 | _aNA | ||
| 942 |
_2ddc _cTHE |
||